Statistiken für Inseln der Färöer - Karten-Quiz

Klicken Sie hier um das Quiz zu spielen!

Allgemein

  • Dieses Quiz wurde 12 mal gespielt
  • Das Durchschnittsergebnis liegt bei 10 aus 24

Antworten auf der Karte

Die Antworten werden auf der Karte rot bzw. grün angezeigt, abhängig davon wie oft sie richtig erraten wurden.
 

Antwortstatistiken

Antwort% Korrekt
Borðoy
60%
Eysturoy
50%
Koltur
50%
Skúvoy
50%
Streymoy
50%
Fugloy
40%
Gáshólmur
40%
Hestur
40%
Kalsoy
40%
Kunoy
40%
Lítla Dímun
40%
Mykines
40%
Mykineshólmur
40%
Nólsoy
40%
Sandoy
40%
Stóra Dímun
40%
Suðuroy
40%
Sumbiarhólmur
40%
Svínoy
40%
Tindhólmur
40%
Tjaldavíkshólmur
40%
Trøllhøvdi
40%
Vágar
40%
Viðoy
40%

Verteilung der Resultate

Perzentil nach korrekt beantworteten Fragen

Anzahl Personen mit jedem Resultat

Ihre Resultats-Entwicklung

Sie haben dieses Quiz noch nicht gespielt